LEADER 01266nam a2200277 u 4500 001 000000084408 003 CaOOAMICUS 005 20070226124057.0 008 050621s1995 it u000 u ita u 020 $a8881142171 035 $a11051824 040 $aPUL$bita 100 1 $aBosco, Nynfa.$0(OLS)http://pul/name/35555 245 10$aD. Bonhoeffer :$bun'etica cristiana della responsabilitą per laici e credenti /$cNynfa Bosco. 260 $aNapoli :$bEdizioni scientifiche italiane,$c1995. 300 $a152 p. ;$c21 cm 490 1 $aBiblioteca di filosofia e teologia. Sezione saggi ;$v4 504 $aBibliografia in nota. 600 14$aBonhoeffer, Dietrich,$d1906-1945.$0(OLS)http://pul/subject/2560 830 0$aBiblioteca di filosofia e teologia.$pSaggi ;$v4.$0(OLS)http://pul/title/83789 850 $aPUL 852 $aPUL$W1$xSL Religione 3$y85$m241. 092 BOSNY 1$j107349$nBK-PRI$b $qDDC 21$B107349$CPULBib$Z2$F107349 $HPUL98383 $81 941 1 $a9 996 $6020$a8881142171$9(OLS)http://pul/number/111756 996 $6245$aD. Bonhoeffer :$bun'etica cristiana della responsabilitą per laici e credenti$9(OLS)http://pul/title/109799 996 $6260$aNapoli :$bEdizioni scientifiche italiane$9(OLS)http://pul/publisher/48388 LEADER 02069nam a2200409 a 4500 001 000000134512 003 CaOOAMICUS 005 20130624095840.0 008 130624s2013 it u000 u ita r 020 $a978-88-08-25872-4 (v. 1) 020 $a978-88-08-50050-2 (v. 2) 040 $aPUL$bita 082 04$a348.45 245 02$aI contratti del trasporto /$copera diretta da Francesco Morandi ; con la collaborazione di Marco Badagliacca ... [et al.]. 260 $aBologna :$bZanichelli,$c©2013. 300 $a2 v. ;$c25 cm 490 1 $aDottrina casi sistemi ;$v26 504 $aBibliografia e indice alla fine del v. 2. 505 0 $aV. 1. Trasporto aereo e marittimo. -- v. 2. Nautica da diporto, trasporto terrestre e ferroviario. 650 4$aTrasporto$xLegislazione.$0(OLS)http://pul/subject/39685 700 1 $aMorandi, Francesco.$0(OLS)http://pul/name/86668 700 1 $aBadagliacca, Marco.$0(OLS)http://pul/name/86669 740 02$aTrasporto aereo e marittimo. 740 02$aNautica da diporto, trasporto terrestre e ferroviario. 830 0$aDottrina casi sistemi ;$v26.$0(OLS)http://pul/title/139266 850 $aPUL 852 $aPUL$W1$xSL Diritto e Scienze Sociali 3$y79$m348. 45 COLL 1.26.1$j154722$av. 1$qDDC 21$B154226$CPULBib$Z2$F154226 $H122617 $82 852 $aPUL$W1$xSL Diritto e Scienze Sociali 3$y79$m348. 45 COLL 1.26.2$j154723$av. 2$qDDC 21$B154227$CPULBib$Z2$F154227 $H122618 $82 941 1 $a9 996 $6020$a978-88-08-25872-4 (v. 1)$9(OLS)http://pul/number/153077 996 $6020$a978-88-08-50050-2 (v. 2)$9(OLS)http://pul/number/153078 996 $6082$a348.45$9(OLS)http://pul/classification/373 996 $6740$aNautica da diporto, trasporto terrestre e ferroviario$9(OLS)http://pul/title/170096 996 $6245$aI contratti del trasporto$9(OLS)http://pul/title/170094 996 $6740$aTrasporto aereo e marittimo$9(OLS)http://pul/title/170095 996 $6260$aBologna :$bZanichelli$9(OLS)http://pul/publisher/48255